000 00239nam a2200097Ia 4500
008 230915s9999 xx 000 0 und d
050 _aBL 86.2.C66
100 _aMugambi,Jesse N.K.
245 2 _aA Comparative Study of Religions
942 _cBK
999 _c66915
_d66915